LEADER 04394oas 2201621 a 450 001 9910142900003321 005 20260305193045.0 011 $a2040-8072 035 $a(DE-599)ZDB1495588-X 035 $a(DE-599)1495588-X 035 $a(OCoLC)35801878 035 $a(CONSER)sn 97023023 035 $a(CKB)954925446720 035 $a(EXLCZ)99954925446720 100 $a19961028a19269999 sy a 101 0 $aeng 135 $aurcn||||||||| 135 $aurbn||||||abp 135 $aurbn||||||ada 181 $ctxt$2rdacontent 182 $cc$2rdamedia 183 $acr$2rdacarrier 200 00$aSpeculum 210 $aCambridge, Mass. $cMediaeval Academy of America$d1926- 210 3 $aCambridge, UK $cCambridge University Press 210 3 $aChicago, IL $cUnivesity of Chicago Press 215 $a1 online resource 300 $a"A journal of mediaeval studies." 311 08$a0038-7134 517 1 $aJournal of medieval studies 517 1 $aSpeculum, a journal of medieval studies 517 1 $aSpeculum, a journal of mediaeval studies 531 0 $aSpeculum 606 $aMiddle Ages$vPeriodicals 606 $aCivilization, Medieval$vPeriodicals 606 $aLiterature, Medieval$vPeriodicals 606 $aLiterature, Medieval 606 $aMoyen A?ge$vPe?riodiques 606 $aCivilisation me?die?vale$vPe?riodiques 606 $aLitte?rature me?die?vale$vPe?riodiques 606 $aCivilization, Medieval$2fast$3(OCoLC)fst00863049 606 $aLiterature, Medieval$2fast$3(OCoLC)fst01000151 606 $aMiddle Ages$2fast$3(OCoLC)fst01020301 606 $aMiddeleeuwen$2gtt 606 $aLiteratura medieval$vRevistes$2lemac 606 $aCivilització medieval$vRevistes$2lemac 606 $aHistòria medieval$vRevistes$2lemac 606 $aLiterature, Medieval$vPeriodicals$2nli 606 $aCivilization, Medieval$vPeriodicals$2nli 606 $aCivilisation me?die?vale$2rasuqam 606 $aMoyen A?ge$2rasuqam 606 $aLitte?rature me?die?vale$2rasuqam 608 $aPeriodical. 608 $aperiodicals.$2aat 608 $aPeriodicals.$2fast 608 $aPeriodicals.$2lcgft 608 $aPe?riodique e?lectronique (Descripteur de forme)$2rasuqam 608 $aRessource Internet (Descripteur de forme)$2rasuqam 608 $aPeriodicals.$2rbgenr 615 0$aMiddle Ages 615 0$aCivilization, Medieval 615 0$aLiterature, Medieval 615 2$aLiterature, Medieval. 615 6$aMoyen A?ge 615 6$aCivilisation me?die?vale 615 6$aLitte?rature me?die?vale 615 7$aCivilization, Medieval. 615 7$aLiterature, Medieval. 615 7$aMiddle Ages. 615 17$aMiddeleeuwen. 615 7$aLiteratura medieval 615 7$aCivilització medieval 615 7$aHistòria medieval 615 7$aLiterature, Medieval 615 7$aCivilization, Medieval 615 7$aCivilisation me?die?vale. 615 7$aMoyen A?ge. 615 7$aLitte?rature me?die?vale. 676 $a909.07 712 02$aMediaeval Academy of America, 712 02$aMedieval Academy of America, 801 0$bGZM 801 1$bGZM 801 2$bEYM 801 2$bIUL 801 2$bEYM 801 2$bOCL 801 2$bEYM 801 2$bIUL 801 2$bOCLCQ 801 2$bMUQ 801 2$bOCLCQ 801 2$bUQ1 801 2$bCIT 801 2$bCUS 801 2$bOCLCE 801 2$bDLC 801 2$bCUD 801 2$bOCLCQ 801 2$bOCL 801 2$bOCLCQ 801 2$bOCLCO 801 2$bOCLCQ 801 2$bOCLCO 801 2$bOCLCF 801 2$bOCLCO 801 2$bOCLCQ 801 2$bDLC 801 2$bOCLCO 801 2$bDEBBG 801 2$bOCLCQ 801 2$bIBK 801 2$bVT2 801 2$bNLE 801 2$bGILDS 801 2$bOCLCO 801 2$bOCLCA 801 2$bU3W 801 2$bREC 801 2$bWYU 801 2$bUKMGB 801 2$bOCLCA 801 2$bNJT 801 2$bOCLCO 801 2$bDLC 801 2$bOCLCA 801 2$bM6U 801 2$bOCLCQ 801 2$bUBY 801 2$bOCLCO 801 2$bOCLCQ 801 2$bREDDC 801 2$bDXU 801 2$bOCLCL 906 $aJOURNAL 912 $a9910142900003321 996 $aSpeculum$999997 997 $aUNINA